| 000 | 00653nam a2200229 a 4500 | ||
|---|---|---|---|
| 005 | 20140310183221.0 | ||
| 008 | 030917s19uu xx 00 eng d | ||
| 020 | _a0826449263 | ||
| 050 |
_aG 155.U6 _b.L39 2002 |
||
| 100 | _aLaw, Christopher M. | ||
| 245 |
_aUrban Tourism : _bThe Visitor Economy and growth of large cities / _cChristopher M. Law. |
||
| 250 | _a2nd ed. | ||
| 260 |
_aLondon : _bContinuum, _c2002. |
||
| 300 |
_aviii, 217p.: _bill.; _c24cm. |
||
| 500 | _aIncludes bibliographical references | ||
| 521 | _aTOU | ||
| 650 | _aTourism | ||
| 650 | _aCities & towns | ||
| 942 |
_cBK _2lcc _kFOR |
||
| 999 |
_c20321 _d20321 |
||